[Event "LSS SF-2023-0-00530"]
[Site "LSS email"]
[Date "2023.03.02"]
[Round "?"]
[White "Slavin, Pablo"]
[Black "Rocek, Vladimir"]
[Result "1-0"]
[WhiteElo "1158"]
[BlackElo "1072"]
[PlyCount "71"]
[EventDate "2022.11.09"]
[EventType "tourn (corr)"]
[EventRounds "6"]
[EventCountry "GER"]
[SourceTitle "Corr 2024"]
[Source "ChessBase"]
[SourceDate "2023.10.19"]
[SourceVersion "1"]
[SourceVersionDate "2023.10.19"]
[SourceQuality "1"]

1. d4 Nf6 2. Nf3 d5 3. Bf4 c6 4. e3 Bf5 5. Nbd2 h6 6. c3 Nbd7 7. Qb3 Qc8 8. Ne5 Nh5 9. Ndf3 Nxf4 10. exf4 e6 11. Be2 f6 12. Nd3 Be7 13. Nh4 0-0 14. Nxf5 exf5 15. 0-0 g6 16. c4 dxc4 17. Qxc4+ Kg7 18. Bf3 Nb6 19. Qb3 Qc7 20. g3 Rad8 21. Nc5 Bxc5 22. dxc5 Nd7 23. Rac1 Rfe8 24. Rfd1 Nf8 25. Rd6 Rxd6 26. cxd6 Qd7 27. Rd1 Re6 28. h4 b5 29. Qa3 g5 30. Qc5 gxf4 31. Bxc6 Qc8 32. gxf4 Nd7 33. Qxf5 Nf8 34. Kh2 Qxc6 35. Rg1+ Kh8 36. Qg4 1-0

[Event "LSS SF-2023-0-00530"]
[Site "LSS email"]
[Date "2023.02.26"]
[Round "?"]
[White "Pehl, Ferenc"]
[Black "Slavin, Pablo"]
[Result "0-1"]
[WhiteElo "1058"]
[BlackElo "1158"]
[PlyCount "50"]
[EventDate "2022.11.09"]
[EventType "tourn (corr)"]
[EventRounds "6"]
[EventCountry "GER"]
[SourceTitle "Corr 2024"]
[Source "ChessBase"]
[SourceDate "2023.10.19"]
[SourceVersion "1"]
[SourceVersionDate "2023.10.19"]
[SourceQuality "1"]

1. e4 e5 2. Nf3 d6 3. h3 Nf6 4. d3 g6 5. Be2 Bg7 6. 0-0 0-0 7. Nc3 Be6 8. a3 a5 9. Bg5 Nbd7 10. Re1 h6 11. Bxf6 Nxf6 12. Kh2 Nh7 13. Qd2 f5 14. exf5 gxf5 15. Bf1 f4 16. Ne4 b6 17. b4 d5 18. Nc3 axb4 19. axb4 Rxa1 20. Rxa1 e4 21. dxe4 dxe4 22. Qxd8 Rxd8 23. Rd1 Rxd1 24. Nxd1 exf3 25. gxf3 Ng5 0-1

[Event "LSS SF-2023-0-00530"]
[Site "LSS email"]
[Date "2023.02.26"]
[Round "?"]
[White "Shim Ng Min, Francis"]
[Black "Slavin, Pablo"]
[Result "0-1"]
[WhiteElo "1095"]
[BlackElo "1158"]
[PlyCount "86"]
[EventDate "2022.11.09"]
[EventType "tourn (corr)"]
[EventRounds "6"]
[EventCountry "GER"]
[SourceTitle "Corr 2024"]
[Source "ChessBase"]
[SourceDate "2023.10.19"]
[SourceVersion "1"]
[SourceVersionDate "2023.10.19"]
[SourceQuality "1"]

1. e4 e5 2. Nf3 Nc6 3. d4 exd4 4. Bc4 Nf6 5. 0-0 Nxe4 6. Bd5 Nf6 7. Re1+ Be7 8. Bxc6 dxc6 9. Nxd4 0-0 10. Nc3 Bc5 11. Be3 Bg4 12. Qd3 Bb6 13. Nb3 Qxd3 14. cxd3 Bxe3 15. Rxe3 Nd5 16. Nxd5 cxd5 17. f3 Bc8 18. Rae1 c6 19. d4 b6 20. Re7 Be6 21. Rc7 Rfc8 22. Rxc8+ Rxc8 23. Kf2 Kf8 24. f4 Bf5 25. g3 Re8 26. Rxe8+ Kxe8 27. Ke3 h5 28. h4 Kd7 29. Nd2 Kd6 30. b4 c5 31. bxc5+ bxc5 32. dxc5+ Kxc5 33. Nb3+ Kc4 34. Nd4 Bd7 35. Nf3 f6 36. Nd2+ Kc3 37. Nb3 Bg4 38. Nd4 a5 39. Nb5+ Kb2 40. Kd4 Kxa2 41. Kxd5 Kb3 42. Nd4+ Kb2 43. Kc4 a4 0-1

[Event "RF-2023-0-00527"]
[Site "LSS email"]
[Date "2023.02.14"]
[Round "?"]
[White "Cayer, Jean"]
[Black "Slavin, Pablo"]
[Result "1-0"]
[WhiteElo "1123"]
[BlackElo "1175"]
[PlyCount "71"]
[EventDate "2022.09.23"]
[EventType "tourn (corr)"]
[EventRounds "6"]
[EventCountry "GER"]
[SourceTitle "Corr 2024"]
[Source "ChessBase"]
[SourceDate "2023.10.19"]
[SourceVersion "1"]
[SourceVersionDate "2023.10.19"]
[SourceQuality "1"]

1. e4 c5 2. Nf3 Nc6 3. d4 cxd4 4. Nxd4 e5 5. Nb5 a6 6. N5c3 Nf6 7. Bg5 Be7 8. Bxf6 Bxf6 9. Nd5 0-0 10. Nd2 Nd4 11. c3 Ne6 12. Be2 b5 13. 0-0 Bb7 14. a4 Nf4 15. Nxf4 exf4 16. axb5 axb5 17. Bxb5 Rxa1 18. Qxa1 Qb6 19. Be2 Ra8 20. Qb1 d5 21. Bf3 d4 22. e5 Bxe5 23. Nc4 Qc7 24. Nxe5 Bxf3 25. Nxf3 dxc3 26. Qe4 Rc8 27. bxc3 h6 28. h4 Qxc3 29. Qxf4 Rc4 30. Qg3 g6 31. h5 g5 32. Ne5 Qxg3 33. fxg3 Rc7 34. Ng4 Kg7 35. Rf6 Rc4 36. Rxf7+ 1-0

[Event "RF-2023-0-00527"]
[Site "LSS email"]
[Date "2023.02.10"]
[Round "?"]
[White "Hickl, Norbert"]
[Black "Slavin, Pablo"]
[Result "0-1"]
[WhiteElo "1072"]
[BlackElo "1175"]
[PlyCount "34"]
[EventDate "2022.09.23"]
[EventType "tourn (corr)"]
[EventRounds "6"]
[EventCountry "GER"]
[SourceTitle "Corr 2024"]
[Source "ChessBase"]
[SourceDate "2023.10.19"]
[SourceVersion "1"]
[SourceVersionDate "2023.10.19"]
[SourceQuality "1"]

1. c4 e5 2. g3 Nf6 3. Bg2 Nc6 4. Nc3 Bb4 5. a3 Bxc3 6. bxc3 0-0 7. d4 e4 8. Bg5 Re8 9. Qc2 h6 10. Bxf6 Qxf6 11. Bxe4 Na5 12. Bd3 b6 13. 0-0-0 Ba6 14. c5 bxc5 15. Bxa6 Qxa6 16. dxc5 Rab8 17. Nf3 Nb3+ 0-1

[Event "RE-2023-0-00231"]
[Site "LSS email"]
[Date "2023.02.07"]
[Round "?"]
[White "Pehl, Ferenc"]
[Black "Slavin, Pablo"]
[Result "0-1"]
[WhiteElo "1204"]
[BlackElo "1187"]
[PlyCount "52"]
[EventDate "2021.02.03"]
[EventType "tourn (corr)"]
[EventRounds "6"]
[EventCountry "GER"]
[SourceTitle "Corr 2024"]
[Source "ChessBase"]
[SourceDate "2023.10.19"]
[SourceVersion "1"]
[SourceVersionDate "2023.10.19"]
[SourceQuality "1"]

1. e4 e5 2. Nf3 d6 3. h3 Nf6 4. d3 Nbd7 5. Nc3 c6 6. Be2 Be7 7. 0-0 0-0 8. a3 h6 9. Re1 a5 10. Bd2 Nc5 11. Be3 Ne6 12. Na4 b5 13. Nb6 Rb8 14. Nxc8 Rxc8 15. b3 Nh7 16. Nh2 f5 17. exf5 Rxf5 18. Bg4 Rf6 19. Bxe6+ Rxe6 20. Nf3 Qd7 21. Qd2 Rf8 22. c4 Rg6 23. Kh2 Rxf3 24. gxf3 Ng5 25. Bxg5 Bxg5 26. Qe2 Bf4+ 0-1

[Event "RF-2023-0-00526"]
[Site "LSS email"]
[Date "2023.01.11"]
[Round "?"]
[White "Hickl, Norbert"]
[Black "Slavin, Pablo"]
[Result "1-0"]
[WhiteElo "1070"]
[BlackElo "1198"]
[PlyCount "63"]
[EventDate "2022.09.16"]
[EventType "tourn (corr)"]
[EventRounds "6"]
[EventCountry "GER"]
[SourceTitle "Corr 2024"]
[Source "ChessBase"]
[SourceDate "2023.10.19"]
[SourceVersion "1"]
[SourceVersionDate "2023.10.19"]
[SourceQuality "1"]

1. c4 e5 2. g3 Nc6 3. Bg2 Nf6 4. Nc3 Bb4 5. a3 Bxc3 6. bxc3 0-0 7. Nf3 e4 8. Nd4 Nxd4 9. cxd4 d5 10. cxd5 Qxd5 11. Bb2 Re8 12. d3 Qa5+ 13. Qd2 Qxd2+ 14. Kxd2 e3+ 15. fxe3 c6 16. e4 h6 17. Rhf1 Be6 18. d5 cxd5 19. Bxf6 gxf6 20. exd5 Bg4 21. e4 Rac8 22. Rxf6 Kg7 23. Raf1 Bh5 24. Bh3 Rc5 25. d4 Rc4 26. Kd3 Ra4 27. e5 Rxa3+ 28. Ke4 Ra2 29. e6 Bg6+ 30. Ke5 fxe6 31. dxe6 Re2+ 32. Kd6 1-0

[Event "RF-2023-0-00526"]
[Site "LSS email"]
[Date "2023.01.11"]
[Round "?"]
[White "Pehl, Ferenc"]
[Black "Slavin, Pablo"]
[Result "1-0"]
[WhiteElo "1082"]
[BlackElo "1198"]
[PlyCount "49"]
[EventDate "2022.09.16"]
[EventType "tourn (corr)"]
[EventRounds "6"]
[EventCountry "GER"]
[SourceTitle "Corr 2024"]
[Source "ChessBase"]
[SourceDate "2023.10.19"]
[SourceVersion "1"]
[SourceVersionDate "2023.10.19"]
[SourceQuality "1"]

1. e4 e5 2. Nf3 Nf6 3. Nxe5 d6 4. Nf3 Nxe4 5. Qe2 Qe7 6. d3 Nf6 7. Nc3 Bg4 8. Qxe7+ Bxe7 9. Be2 Nc6 10. a3 0-0-0 11. Be3 a6 12. h3 Bh5 13. 0-0 h6 14. Rfe1 Rhe8 15. Nd4 Nxd4 16. Bxd4 Bxe2 17. Rxe2 c5 18. Be3 d5 19. Bf4 d4 20. Ne4 Nd5 21. Bd6 b6 22. Bxe7 Rxe7 23. Rae1 Kd7 24. c4 Rde8 25. cxd5 1-0

[Event "SE-2023-0-00338"]
[Site "LSS email"]
[Date "2023.01.11"]
[Round "?"]
[White "Slavin, Pablo"]
[Black "Del Noce, Roberto"]
[Result "1/2-1/2"]
[WhiteElo "1198"]
[BlackElo "1322"]
[PlyCount "62"]
[EventDate "2022.04.27"]
[EventType "tourn (corr)"]
[EventRounds "6"]
[EventCountry "GER"]
[SourceTitle "Corr 2024"]
[Source "ChessBase"]
[SourceDate "2023.10.19"]
[SourceVersion "1"]
[SourceVersionDate "2023.10.19"]
[SourceQuality "1"]

1. d4 d5 2. c4 e6 3. Nf3 Nf6 4. g3 c6 5. Bg2 Bd6 6. 0-0 dxc4 7. a4 0-0 8. Nfd2 e5 9. Nxc4 exd4 10. Qxd4 Be7 11. Qxd8 Rxd8 12. Nc3 Be6 13. Ne5 Nd5 14. Nxd5 Bxd5 15. e4 Be6 16. Be3 Bf6 17. Rfd1 Nd7 18. Nxd7 Bxd7 19. Rab1 Kf8 20. b4 Ke8 21. Bf4 Bg4 22. Rxd8+ Rxd8 23. e5 Be7 24. f3 Be6 25. Be3 b6 26. f4 Rd3 27. Kf2 Rb3 28. Bxc6+ Kd8 29. Rxb3 Bxb3 30. a5 Bxb4 31. axb6 axb6 1/2-1/2

[Event "SE-2023-0-00338"]
[Site "LSS email"]
[Date "2023.01.11"]
[Round "?"]
[White "Slavin, Pablo"]
[Black "Drus, Michal"]
[Result "1-0"]
[WhiteElo "1198"]
[BlackElo "1317"]
[PlyCount "31"]
[EventDate "2022.04.27"]
[EventType "tourn (corr)"]
[EventRounds "6"]
[EventCountry "GER"]
[SourceTitle "Corr 2024"]
[Source "ChessBase"]
[SourceDate "2023.10.19"]
[SourceVersion "1"]
[SourceVersionDate "2023.10.19"]
[SourceQuality "1"]

1. d4 c6 2. e4 d5 3. Nc3 dxe4 4. Nxe4 Nf6 5. Ng5 e5 6. Bc4 Nd5 7. dxe5 h6 8. Ne4 Bb4+ 9. c3 Qa5 10. Qb3 Nxc3 11. Bxf7+ Ke7 12. Nxc3 Rf8 13. Bc4 Bxc3+ 14. Qxc3 Qxc3+ 15. bxc3 b5 16. Ba3+ 1-0

[Event "LSS SF-2022-0-00526"]
[Site "LSS email"]
[Date "2022.10.02"]
[Round "?"]
[White "Cordes, Michael"]
[Black "Slavin, Pablo"]
[Result "1-0"]
[WhiteElo "1062"]
[BlackElo "1140"]
[PlyCount "67"]
[EventDate "2022.05.20"]
[EventType "tourn (corr)"]
[EventRounds "6"]
[EventCountry "GER"]
[SourceTitle "Corr 2024"]
[Source "ChessBase"]
[SourceDate "2023.10.19"]
[SourceVersion "1"]
[SourceVersionDate "2023.10.19"]
[SourceQuality "1"]

1. d4 Nf6 2. c4 g6 3. Nc3 d6 4. e4 Bg7 5. h3 0-0 6. Nf3 e5 7. d5 Nh5 8. Be3 f5 9. exf5 gxf5 10. Bg5 Qe8 11. Nh4 Na6 12. Rc1 Nf4 13. Bxf4 exf4+ 14. Be2 Bf6 15. Nf3 Qg6 16. 0-0 Nc5 17. Qd2 Be5 18. Rfe1 Ne4 19. Nxe5 dxe5 20. Qd1 Ng5 21. h4 Ne4 22. c5 Kh8 23. Bf1 Bd7 24. Qf3 Rg8 25. Nxe4 fxe4 26. Qxe4 Qxe4 27. Rxe4 Rae8 28. Rce1 Bh3 29. Rxe5 Ref8 30. f3 Rf7 31. Re7 Kg7 32. d6 cxd6 33. Rxf7+ Kxf7 34. Bc4+ 1-0

[Event "LSS No Engine Cup 228 Preliminary 0"]
[Site "LSS email"]
[Date "2022.07.09"]
[Round "?"]
[White "Slavin, Pablo"]
[Black "Andreoni, Mario"]
[Result "0-1"]
[WhiteElo "1378"]
[BlackElo "1866"]
[PlyCount "80"]
[EventDate "2022.07.09"]
[EventType "tourn (corr)"]
[EventRounds "6"]
[EventCountry "GER"]
[SourceTitle "Corr 2024"]
[Source "ChessBase"]
[SourceDate "2023.10.19"]
[SourceVersion "1"]
[SourceVersionDate "2023.10.19"]
[SourceQuality "1"]

1. d4 Nf6 2. Bf4 h6 3. Nf3 d5 4. e3 Bf5 5. h3 e6 6. c4 Bb4+ 7. Nbd2 0-0 8. a3 Bd6 9. Ne5 Nc6 10. Ndf3 dxc4 11. Bxc4 Be4 12. 0-0 Nd7 13. Re1 Bxf3 14. Qxf3 Bxe5 15. dxe5 Ndxe5 16. Qe2 Nxc4 17. Qxc4 Qe7 18. b4 a6 19. Red1 e5 20. Bg3 Rfe8 21. Bh4 Qe6 22. Qxe6 Rxe6 23. Rd7 Rc8 24. Rad1 f6 25. f3 Kf8 26. Bf2 Re7 27. Rxe7 Kxe7 28. e4 Ke6 29. Kf1 h5 30. Ke2 g6 31. Rd3 Rd8 32. Rxd8 Nxd8 33. Kd3 Nf7 34. Be3 f5 35. Bc1 f4 36. a4 g5 37. Bd2 Nh8 38. Ke2 Ng6 39. a5 Kd6 40. Kd3 Nh4 0-1

[Event "LSS No Engine Cup 228 Preliminary 0"]
[Site "LSS email"]
[Date "2022.07.09"]
[Round "?"]
[White "Slavin, Pablo"]
[Black "Laudati, Lelio"]
[Result "0-1"]
[WhiteElo "1378"]
[BlackElo "1993"]
[PlyCount "32"]
[EventDate "2022.07.09"]
[EventType "tourn (corr)"]
[EventRounds "6"]
[EventCountry "GER"]
[SourceTitle "Corr 2024"]
[Source "ChessBase"]
[SourceDate "2023.10.19"]
[SourceVersion "1"]
[SourceVersionDate "2023.10.19"]
[SourceQuality "1"]

1. e4 d6 2. d4 Nf6 3. Nc3 g6 4. Nf3 Bg7 5. h3 0-0 6. Be3 c6 7. Qd2 Nbd7 8. 0-0-0 b5 9. Bd3 Qc7 10. Kb1 a5 11. d5 b4 12. Na4 cxd5 13. exd5 Nxd5 14. Bh6 Nc3+ 15. Ka1 Nxa4 16. Bxg7 Kxg7 0-1

[Event "LSS SF-2022-0-00523"]
[Site "LSS email"]
[Date "2022.06.26"]
[Round "?"]
[White "Slavin, Pablo"]
[Black "Zmolil, Karel"]
[Result "1/2-1/2"]
[WhiteElo "1112"]
[BlackElo "1040"]
[PlyCount "76"]
[EventDate "2022.03.24"]
[EventType "tourn (corr)"]
[EventRounds "6"]
[EventCountry "GER"]
[SourceTitle "Corr 2024"]
[Source "ChessBase"]
[SourceDate "2023.10.19"]
[SourceVersion "1"]
[SourceVersionDate "2023.10.19"]
[SourceQuality "1"]

1. e4 c6 2. d3 d5 3. Nd2 g6 4. Ngf3 Bg7 5. g3 Nd7 6. Bg2 Ne5 7. 0-0 Bg4 8. h3 Nxf3+ 9. Nxf3 Bd7 10. e5 Qc8 11. Kh2 Nh6 12. d4 0-0 13. Re1 e6 14. c3 f5 15. Bf4 Nf7 16. a4 Qd8 17. Qd2 h6 18. b4 Kh7 19. h4 Rh8 20. Be3 a6 21. Ng1 g5 22. h5 Be8 23. f3 Qe7 24. g4 f4 25. Qd3+ Kg8 26. Bc1 Nd8 27. Ba3 b5 28. a5 Bf7 29. Nh3 Kf8 30. Bc1 Bg8 31. Qd2 Bh7 32. Bf1 Ke8 33. Bd3 Bf8 34. Qc2 Qg7 35. Bxh7 Qxh7 36. Qxh7 Rxh7 37. Nf2 Nb7 38. Nd3 Be7 1/2-1/2

[Event "LSS SF-2022-0-00523"]
[Site "LSS email"]
[Date "2022.06.26"]
[Round "?"]
[White "Verich, Oleg"]
[Black "Slavin, Pablo"]
[Result "0-1"]
[WhiteElo "1149"]
[BlackElo "1112"]
[PlyCount "82"]
[EventDate "2022.03.24"]
[EventType "tourn (corr)"]
[EventRounds "6"]
[EventCountry "GER"]
[SourceTitle "Corr 2024"]
[Source "ChessBase"]
[SourceDate "2023.10.19"]
[SourceVersion "1"]
[SourceVersionDate "2023.10.19"]
[SourceQuality "1"]

1. c4 Nf6 2. Nc3 e5 3. g3 Bb4 4. Qb3 Nc6 5. e3 0-0 6. Bg2 Bc5 7. d3 a6 8. Nge2 Re8 9. 0-0 Bf8 10. a3 Rb8 11. Qc2 Ne7 12. d4 d6 13. dxe5 dxe5 14. b3 Ng6 15. Bb2 Qe7 16. Rfd1 Be6 17. Nd5 Nxd5 18. cxd5 Bc8 19. e4 Qd7 20. Rac1 Bd6 21. Qc3 b5 22. b4 f5 23. exf5 Qxf5 24. Be4 Qf6 25. Qf3 Rf8 26. Qxf6 Rxf6 27. Kg2 Bf5 28. Nc3 Bg4 29. f3 Bh5 30. Rf1 Ne7 31. Nd1 Rbf8 32. Ne3 R6f7 33. g4 Bg6 34. h4 Rf4 35. Bxg6 Nxg6 36. Kg3 Rxf3+ 37. Rxf3 e4+ 38. Kf2 Rxf3+ 39. Ke2 Nf4+ 40. Kd2 Rf2+ 41. Kc3 Be5+ 0-1

[Event "RF-2022-0-00519"]
[Site "LSS email"]
[Date "2022.05.15"]
[Round "?"]
[White "Slavin, Pablo"]
[Black "Pehl, Ferenc"]
[Result "0-1"]
[WhiteElo "1143"]
[BlackElo "1167"]
[PlyCount "36"]
[EventDate "2021.06.07"]
[EventType "tourn (corr)"]
[EventRounds "6"]
[EventCountry "GER"]
[SourceTitle "Corr 2024"]
[Source "ChessBase"]
[SourceDate "2023.10.19"]
[SourceVersion "1"]
[SourceVersionDate "2023.10.19"]
[SourceQuality "1"]

1. e4 e5 2. f4 exf4 3. Nf3 g5 4. Bc4 d6 5. 0-0 Be6 6. Bxe6 fxe6 7. d4 Bg7 8. c3 Nd7 9. Qb3 Nb6 10. Qxe6+ Qe7 11. Nxg5 h6 12. Qxe7+ Kxe7 13. Nh3 Re8 14. Nxf4 Kd7 15. Ng6 Rh7 16. Re1 Ne7 17. Na3 Nxg6 18. Bd2 Rhh8 0-1

[Event "RF-2022-0-00519"]
[Site "LSS email"]
[Date "2022.05.15"]
[Round "?"]
[White "Zmolil, Karel"]
[Black "Slavin, Pablo"]
[Result "1/2-1/2"]
[WhiteElo "1033"]
[BlackElo "1143"]
[PlyCount "53"]
[EventDate "2021.06.07"]
[EventType "tourn (corr)"]
[EventRounds "6"]
[EventCountry "GER"]
[SourceTitle "Corr 2024"]
[Source "ChessBase"]
[SourceDate "2023.10.19"]
[SourceVersion "1"]
[SourceVersionDate "2023.10.19"]
[SourceQuality "1"]

1. e4 e5 2. Nf3 Nc6 3. Bb5 Nf6 4. d3 Bc5 5. Bg5 h6 6. Bh4 Nd4 7. Bc4 d6 8. h3 0-0 9. 0-0 Be6 10. Nbd2 c6 11. c3 Nxf3+ 12. Qxf3 g5 13. Bg3 Nh7 14. b4 Bb6 15. Bb3 Qf6 16. Qe2 a6 17. Nc4 Bc7 18. Ne3 Bxb3 19. axb3 Rfe8 20. Nf5 Nf8 21. Qh5 Kh7 22. h4 Qg6 23. Qg4 Ne6 24. hxg5 Qxg5 25. Qxg5 hxg5 26. f3 Kg6 27. Kf2 1/2-1/2

[Event "LSS SF-2022-0-00518"]
[Site "LSS email"]
[Date "2022.02.12"]
[Round "?"]
[White "Raines, David"]
[Black "Slavin, Pablo"]
[Result "0-1"]
[WhiteElo "1166"]
[BlackElo "1164"]
[PlyCount "76"]
[EventDate "2021.12.14"]
[EventType "tourn (corr)"]
[EventRounds "6"]
[EventCountry "GER"]
[SourceTitle "Corr 2024"]
[Source "ChessBase"]
[SourceDate "2023.10.19"]
[SourceVersion "1"]
[SourceVersionDate "2023.10.19"]
[SourceQuality "1"]

1. d4 d5 2. Nf3 Nf6 3. c4 c6 4. Qb3 dxc4 5. Qxc4 Bf5 6. Nc3 e6 7. Bg5 Be7 8. e3 Qc7 9. Be2 h6 10. Bxf6 Bxf6 11. e4 Bg4 12. h3 Bh5 13. d5 exd5 14. exd5 0-0 15. 0-0 c5 16. Nb5 Qb6 17. Nc3 Na6 18. b3 Nb4 19. a3 Bxc3 20. Qxc3 Nxd5 21. Qe5 Nf6 22. g4 Rfe8 23. Qb2 Bg6 24. Ne5 Be4 25. Rad1 Qe6 26. f4 Nd5 27. Bc4 f6 28. Ng6 Kh7 29. f5 Qc6 30. Rde1 b5 31. Bxd5 Bxd5 32. Nf4 Bf7 33. Ne6 Bxe6 34. fxe6 Rxe6 35. Qc2+ Kh8 36. Rxe6 Qxe6 37. Rf5 Qe3+ 38. Kg2 Rd8 0-1

[Event "LSS SF-2022-0-00516"]
[Site "LSS email"]
[Date "2022.01.23"]
[Round "?"]
[White "Slavin, Pablo"]
[Black "Beaver, Michael"]
[Result "0-1"]
[WhiteElo "1171"]
[BlackElo "1138"]
[PlyCount "84"]
[EventDate "2021.11.24"]
[EventType "tourn (corr)"]
[EventRounds "6"]
[EventCountry "GER"]
[SourceTitle "Corr 2024"]
[Source "ChessBase"]
[SourceDate "2023.10.19"]
[SourceVersion "1"]
[SourceVersionDate "2023.10.19"]
[SourceQuality "1"]

1. e4 e5 2. Nf3 Nc6 3. Bb5 a6 4. Ba4 b5 5. Bb3 d6 6. h3 Na5 7. c3 Nxb3 8. Qxb3 Be6 9. Qc2 Nf6 10. 0-0 d5 11. exd5 Qxd5 12. Re1 Bd6 13. d3 0-0 14. Bg5 Bxh3 15. Bxf6 gxf6 16. c4 Qc6 17. Re4 Bf5 18. Rh4 Rad8 19. Nc3 b4 20. Nd5 Bc5 21. Qd2 Rfe8 22. Qh6 Re6 23. Nd2 Kh8 24. Ne4 Bf8 25. Qh5 Bg6 26. Qf3 f5 27. Ng5 Red6 28. Qh3 h5 29. Nxb4 Qd7 30. Nd5 f6 31. Nf3 c6 32. Nb6 Qb7 33. c5 Rxd3 34. Rxh5+ Bxh5 35. Qxh5+ Qh7 36. Qxh7+ Kxh7 37. b4 e4 38. Nh4 f4 39. Nf5 Rd1+ 40. Rxd1 Rxd1+ 41. Kh2 Kg6 42. Nh4+ Kg5 0-1

[Event "SE-2022-0-00332"]
[Site "LSS email"]
[Date "2022.01.03"]
[Round "?"]
[White "Keiper, Archie"]
[Black "Slavin, Pablo"]
[Result "1-0"]
[WhiteElo "1351"]
[BlackElo "1162"]
[PlyCount "50"]
[EventDate "2021.06.09"]
[EventType "tourn (corr)"]
[EventRounds "6"]
[EventCountry "GER"]
[SourceTitle "Corr 2024"]
[Source "ChessBase"]
[SourceDate "2023.10.19"]
[SourceVersion "1"]
[SourceVersionDate "2023.10.19"]
[SourceQuality "1"]

1. e4 e5 2. f4 exf4 3. Nf3 g5 4. h3 d6 5. d4 Bg7 6. Bc4 Nc6 7. Nc3 h6 8. Qd3 Na5 9. Bd2 Nxc4 10. Qxc4 Be6 11. d5 Bd7 12. Nb5 c5 13. Nxd6+ Kf8 14. Nxb7 Qc7 15. Qxc5+ Qxc5 16. Nxc5 Bb5 17. 0-0-0 Rc8 18. Bb4 Ke8 19. Nb7 Kd7 20. Nd6 Rb8 21. Nxf7 Rh7 22. e5 Be2 23. e6+ Ke8 24. d6 Rxb4 25. d7+ Ke7 1-0